[Event "World Rapid Team 2023"]
[Site "Dusseldorf GER"]
[Date "2023.08.27"]
[Round "7.6"]
[Board "4"]
[White "Meins, Gerlef"]
[Black "Lagunow, Raphael"]
[Result "1/2-1/2"]
[WhiteTitle "IM"]
[BlackTitle "IM"]
[WhiteElo "2412"]
[BlackElo "2413"]
[WhiteTeam "Duesseldorfer Schachklub 1914/25 e.V."]
[BlackTeam "Berlin Chess Federation"]
[WhiteFideId "4620895"]
[BlackFideId "24652644"]
[EventDate "2023.08.26"]

1. d4 Nf6 2. c4 g6 3. Nc3 Bg7 4. e4 d6 5. Be2 O-O 6. Be3 e5 7. d5 Na6 8. h4 Nc5
9. Qc2 h5 10. f3 a5 11. Nh3 c6 12. Ng5 Bd7 13. O-O cxd5 14. cxd5 Qe7 15. Bb5
Rfc8 16. Qe2 Bh6 17. Rac1 Nh7 18. Bxd7 Nxd7 19. Qd2 a4 20. Nb5 Ndf8 21. Rxc8
Rxc8 22. Rc1 Rxc1+ 23. Qxc1 Qd7 24. Na3 f5 25. Qc4 Nf6 26. Qb5 fxe4 27. Qxd7
N8xd7 28. fxe4 Nxe4 29. Nc4 Bxg5 30. hxg5 b5 31. Na5 Kf7 32. Nc6 Nec5 33. Kf2
Nd3+ 34. Ke2 Nxb2 35. Na7 b4 36. Nc6 Nc4 37. Nxb4 Nxe3 38. Kxe3 Nb6 39. Ke4 Ke8
40. Nd3 Kd7 41. Ne1 Nc8 42. Kd3 Kc7 43. Nf3 Kb6 44. Nh4 Ne7 45. Kc4 a3 46. Kb4
Nxd5+ 47. Kxa3 Nf4 48. g3 Ne6 49. Nxg6 Nxg5 50. Ne7 Ne4 51. Nf5 Kc5 52. Kb3 d5
53. a4 Nf6 54. Kc3 d4+ 55. Kd2 Kb4 56. Kd3 Kxa4 57. Nxd4 exd4 58. Kxd4 Kb5 59.
Ke5 Ng4+ 60. Kf5 Kc5 61. Kg5 Kd5 62. Kxh5 Nf2 63. g4 Nxg4 64. Kxg4 1/2-1/2

[Event "World Rapid Team 2023"]
[Site "Dusseldorf GER"]
[Date "2023.08.27"]
[Round "7.6"]
[Board "5"]
[White "Paehtz, Elisabeth"]
[Black "Zatonskih, Anna"]
[Result "1/2-1/2"]
[WhiteTitle "GM"]
[BlackTitle "IM"]
[WhiteElo "2471"]
[BlackElo "2364"]
[WhiteTeam "Berlin Chess Federation"]
[BlackTeam "Duesseldorfer Schachklub 1914/25 e.V."]
[WhiteFideId "4641833"]
[BlackFideId "14101572"]
[EventDate "2023.08.26"]

1. d4 d5 2. Bf4 e6 3. e3 Bd6 4. Bg3 Nf6 5. Nd2 O-O 6. Ngf3 b6 7. c3 c5 8. Ne5
Qc7 9. Bd3 Ba6 10. Bc2 Nc6 11. f4 Ne7 12. Bh4 Ne8 13. Qf3 f6 14. Qh3 Nf5 15.
Nef3 cxd4 16. Bxf5 exf5 17. Nxd4 Bc8 18. Qf3 Qf7 19. h3 Bc5 20. N2b3 Nd6 21. g4
Re8 22. Bf2 a5 23. a4 Ra7 24. Rg1 Rae7 25. O-O-O Ne4 26. gxf5 Bd7 27. Rg2 Bxa4
28. Rdg1 Bxb3 29. Nxb3 Nxf2 30. Nxc5 bxc5 31. Rxg7+ Qxg7 32. Rxg7+ Kxg7 33. Qxf2
Re4 34. Qd2 d4 35. Qg2+ Kf8 36. exd4 cxd4 37. cxd4 Rc8+ 38. Kb1 Rxd4 39. Qb7
Rcd8 40. Qxh7 a4 41. h4 a3 42. Qh6+ Ke7 43. Qg7+ Kd6 44. Qxf6+ Kc5 45. Qe5+ R8d5
46. Qc7+ Kb5 47. Qb7+ Kc4 48. Qc6+ Kd3 49. Qc3+ Ke4 50. Qxa3 Rxf5 51. Qg3 Rxf4
52. Qg6+ Kd5 53. h5 Rh4 54. h6 Rd1+ 55. Ka2 Rdh1 56. Qf7+ Kd6 57. Qf6+ Kc7 58.
Qe7+ Kb6 59. Qd6+ Kb7 60. Qd7+ 1/2-1/2

[Event "World Rapid Team 2023"]
[Site "Dusseldorf GER"]
[Date "2023.08.27"]
[Round "7.6"]
[Board "6"]
[White "Mukovskiy, Peter"]
[Black "Reichmann, Felix"]
[Result "0-1"]
[WhiteElo "1914"]
[BlackElo "1968"]
[WhiteTeam "Duesseldorfer Schachklub 1914/25 e.V."]
[BlackTeam "Berlin Chess Federation"]
[WhiteFideId "16236998"]
[BlackFideId "16238290"]
[EventDate "2023.08.26"]

1. c4 c5 2. Nf3 g6 3. g3 Bg7 4. Bg2 Nc6 5. O-O e6 6. e3 Nge7 7. Nc3 O-O 8. d4 d6
9. d5 Na5 10. Qd3 a6 11. e4 exd5 12. cxd5 b5 13. Re1 b4 14. Ne2 Bd7 15. Nf4 Bb5
16. Qc2 Nc4 17. Rb1 Qa5 18. b3 Na3 19. Bxa3 bxa3 20. e5 Qd8 21. Rbd1 Nf5 22. e6
Qf6 23. exf7+ Rxf7 24. Ne6 Qb2 25. Qb1 Bc3 26. Qxb2 axb2 27. Nd2 Bd3 28. Nb1
Bxe1 29. Rxe1 Nd4 30. Rd1 Ne2+ 31. Kh1 Bc2 32. Rd2 Nd4 33. Nxd4 Bxb1 34. Ne6 0-1

[Event "World Rapid Team 2023"]
[Site "Dusseldorf GER"]
[Date "2023.08.27"]
[Round "7.7"]
[Board "1"]
[White "Baklan, Vladimir"]
[Black "Jobava, Baadur"]
[Result "0-1"]
[WhiteTitle "GM"]
[BlackTitle "GM"]
[WhiteElo "2550"]
[BlackElo "2574"]
[WhiteTeam "Ukrainian Amators"]
[BlackTeam "Columbus Energy KingsOfChess Krakow"]
[WhiteFideId "14102196"]
[BlackFideId "13601520"]
[EventDate "2023.08.26"]

1. e4 c5 2. Nf3 e6 3. d4 cxd4 4. Nxd4 Nf6 5. Nc3 Bb4 6. e5 Nd5 7. Qg4 Kf8 8. Bd2
h5 9. Qg3 h4 10. Qg4 Nc6 11. Nxc6 bxc6 12. Ne4 Rb8 13. c3 Be7 14. b3 Qc7 15. f4
f5 16. exf6 Nxf6 17. Nxf6 Bxf6 18. Be2 d5 19. Qf3 c5 20. Qf2 h3 21. g3 Bb7 22.
Rc1 d4 23. O-O d3 24. Bf3 Kf7 25. Qe3 Bxf3 26. Rxf3 c4 27. g4 cxb3 28. axb3 Rxb3
29. g5 Be7 30. g6+ Kf8 31. Qxe6 Qb6+ 32. Qxb6 Rxb6 33. Rxd3 Rxg6+ 34. Kf1 Kf7
35. Ra1 a6 36. f5 Rd6 37. Rxd6 Bxd6 38. Kg1 Bc5+ 39. Kf1 Rh5 40. Rxa6 Rxf5+ 41.
Ke1 Bg1 42. c4 Bxh2 43. Ra7+ Kg6 44. Ra3 Rh5 45. Kf2 Bd6 46. Ra1 Rf5+ 47. Kg1
Kh5 48. Be3 g5 49. Rd1 Bc5 50. Bxc5 Rxc5 51. Kh2 Kh4 52. Rd3 g4 53. Rc3 Re5 54.
c5 g3+ 0-1

[Event "World Rapid Team 2023"]
[Site "Dusseldorf GER"]
[Date "2023.08.27"]
[Round "7.7"]
[Board "2"]
[White "Pakleza, Zbigniew"]
[Black "Zavgorodniy, Sergiy"]
[Result "1-0"]
[WhiteTitle "GM"]
[BlackTitle "IM"]
[WhiteElo "2482"]
[BlackElo "2416"]
[WhiteTeam "Columbus Energy KingsOfChess Krakow"]
[BlackTeam "Ukrainian Amators"]
[WhiteFideId "1119290"]
[BlackFideId "14110148"]
[EventDate "2023.08.26"]

1. d4 Nf6 2. Nf3 e6 3. Bf4 b6 4. e3 Bb7 5. h3 g6 6. Be2 Bg7 7. O-O O-O 8. c4 Ne4
9. Nbd2 Nxd2 10. Qxd2 d6 11. Rfd1 Nd7 12. Bh2 Qe7 13. Rac1 e5 14. b4 exd4 15.
exd4 Rfe8 16. Re1 Qf6 17. c5 Bd5 18. cxd6 cxd6 19. Qf4 Qxf4 20. Bxf4 Bxa2 21.
Bxd6 Bf8 22. Bxf8 Nxf8 23. Ne5 Ne6 24. Bf3 Rad8 25. Nc6 Rd7 26. Ra1 Bd5 27. Bxd5
Rxd5 28. Rxa7 Kf8 29. Re5 Rxe5 30. dxe5 b5 31. Rb7 Rc8 32. Na7 Rc1+ 33. Kh2 Rc2
34. Kg3 Rc3+ 35. f3 g5 36. Nxb5 Rc2 37. Nd6 Nf4 38. Kg4 Rxg2+ 39. Kf5 1-0

[Event "World Rapid Team 2023"]
[Site "Dusseldorf GER"]
[Date "2023.08.27"]
[Round "7.7"]
[Board "3"]
[White "Gaponenko, Inna"]
[Black "Teclaf, Pawel"]
[Result "0-1"]
[WhiteTitle "IM"]
[BlackTitle "IM"]
[WhiteElo "2336"]
[BlackElo "2586"]
[WhiteTeam "Ukrainian Amators"]
[BlackTeam "Columbus Energy KingsOfChess Krakow"]
[WhiteFideId "14101181"]
[BlackFideId "1185934"]
[EventDate "2023.08.26"]

1. e4 d6 2. d4 Nf6 3. Nc3 c6 4. f4 Qb6 5. e5 Nd5 6. Nxd5 cxd5 7. c3 Bf5 8. Bd3
g6 9. Bxf5 gxf5 10. Qh5 e6 11. Nf3 Be7 12. exd6 Qxd6 13. Ne5 Rf8 14. g4 fxg4 15.
f5 Nd7 16. Bf4 Nf6 17. Qh6 exf5 18. O-O Qe6 19. Rae1 Ne4 20. Qxh7 Bf6 21. Qh5
Rh8 22. Bh6 Bxe5 23. dxe5 Rxh6 24. Qxf5 Qb6+ 25. Kg2 Qxb2+ 0-1

[Event "World Rapid Team 2023"]
[Site "Dusseldorf GER"]
[Date "2023.08.27"]
[Round "7.7"]
[Board "4"]
[White "Gumularz, Szymon"]
[Black "Grineva, Marianna"]
[Result "1-0"]
[WhiteTitle "GM"]
[BlackTitle "WFM"]
[WhiteElo "2588"]
[BlackElo "2033"]
[WhiteTeam "Columbus Energy KingsOfChess Krakow"]
[BlackTeam "Ukrainian Amators"]
[WhiteFideId "1188062"]
[BlackFideId "14102013"]
[EventDate "2023.08.26"]

1. c4 e5 2. g3 Nc6 3. Bg2 f5 4. Nc3 Nf6 5. b3 Be7 6. Bb2 O-O 7. e3 Qe8 8. Nge2
d6 9. Rc1 Bd8 10. O-O Qh5 11. f4 g5 12. Nd5 Be6 13. fxe5 dxe5 14. Nec3 Qh6 15.
Nxf6+ Bxf6 16. Nd5 Bd8 17. b4 Bxd5 18. Bxd5+ Kh8 19. b5 Nb4 20. Bxb7 Rb8 21. Bg2
Nd3 22. Ba3 Rf7 23. Rc3 e4 24. Bxe4 Ne5 25. Bd5 Ng4 26. Qxg4 fxg4 27. Rxf7 Bf6
28. Rc1 Re8 29. Rf1 Bg7 30. Bc5 Qg6 31. Rxg7 Kxg7 32. Bd4+ Kh6 33. Rf6 Qxf6 34.
Bxf6 Kg6 35. Bd4 h5 36. Bxa7 h4 37. a4 Rf8 38. a5 hxg3 39. hxg3 Kf5 40. Bc5 Rd8
41. a6 Ke5 42. d4+ Kf6 43. a7 1-0

[Event "World Rapid Team 2023"]
[Site "Dusseldorf GER"]
[Date "2023.08.27"]
[Round "7.7"]
[Board "5"]
[White "Breest, Axel"]
[Black "Kulon, Klaudia"]
[Result "0-1"]
[BlackTitle "IM"]
[WhiteElo "1979"]
[BlackElo "2320"]
[WhiteTeam "Ukrainian Amators"]
[BlackTeam "Columbus Energy KingsOfChess Krakow"]
[WhiteFideId "24682349"]
[BlackFideId "1131044"]
[EventDate "2023.08.26"]

1. e4 e5 2. Nc3 Nc6 3. Bc4 Nf6 4. d3 Na5 5. Qf3 Nxc4 6. dxc4 d6 7. h3 Be6 8. b3
c6 9. Bb2 Be7 10. O-O-O Qc7 11. Nge2 h5 12. Qe3 g5 13. Ng3 b6 14. Nf5 Bxf5 15.
exf5 O-O-O 16. Ne4 Nh7 17. Kb1 f6 18. g4 h4 19. Nc3 Nf8 20. Rd2 Nd7 21. Ba3 Nb8
22. Rhd1 Rd7 23. Rd3 d5 24. cxd5 Bxa3 25. dxc6 Rxd3 26. Rxd3 Bc5 27. Qd2 Nxc6
28. Nd5 Qf7 29. b4 Bd4 30. c4 Rd8 31. b5 Na5 32. Rxd4 exd4 33. Qxd4 Kb8 0-1

[Event "World Rapid Team 2023"]
[Site "Dusseldorf GER"]
[Date "2023.08.27"]
[Round "7.7"]
[Board "6"]
[White "Przedlacki, Wiktor"]
[Black "Vibhor Sharma"]
[Result "1/2-1/2"]
[WhiteElo "1702"]
[BlackElo "1853"]
[WhiteTeam "Columbus Energy KingsOfChess Krakow"]
[BlackTeam "Ukrainian Amators"]
[WhiteFideId "21099529"]
[BlackFideId "5099366"]
[EventDate "2023.08.26"]

1. e4 c5 2. Nf3 Nc6 3. d4 cxd4 4. Nxd4 g6 5. c4 Bg7 6. Nc2 Nf6 7. Nc3 d6 8. Be2
O-O 9. O-O Be6 10. Be3 Qd7 11. f3 Rac8 12. Rc1 Rfd8 13. Qd2 Ne8 14. b3 f5 15.
Nd5 Nf6 16. exf5 Bxf5 17. Nd4 e6 18. Nxf6+ Bxf6 19. Rfd1 e5 20. Nb5 Be7 21. Nxa7
Nxa7 22. Bxa7 Qc6 23. Qd5+ Kg7 24. Qxc6 bxc6 25. Bb6 Rd7 26. a4 Bg5 27. Rc3 Bf6
28. Kf2 e4 29. Bd4 Rb8 30. Bxf6+ Kxf6 31. fxe4 Bxe4 32. Bf3 Bxf3 33. Rxf3+ Ke5
34. Re3+ Kf5 35. Red3 Ke5 36. Re3+ Kf5 37. Ke2 d5 38. cxd5 cxd5 39. Rf1+ Kg5 40.
Kd2 Rb4 41. Rd3 d4 42. Rc1 Rf7 43. Re1 Rfb7 44. Kc2 Rc7+ 45. Kb2 Rcb7 46. Ka3
Kf5 47. Re2 g5 48. Re1 h5 49. Re8 h4 50. a5 R4b5 51. Rxd4 Rxb3+ 52. Ka2 Rb2+ 53.
Ka3 R2b3+ 54. Ka2 Rb2+ 55. Ka3 Rxg2 56. a6 Ra7 57. Ra4 1/2-1/2

[Event "World Rapid Team 2023"]
[Site "Dusseldorf GER"]
[Date "2023.08.27"]
[Round "7.8"]
[Board "1"]
[White "Lubbe, Nikolas"]
[Black "Adly, Ahmed"]
[Result "1-0"]
[WhiteTitle "IM"]
[BlackTitle "GM"]
[WhiteElo "2501"]
[BlackElo "2596"]
[WhiteTeam "Team Chessemy.com"]
[BlackTeam "Africa"]
[WhiteFideId "4694031"]
[BlackFideId "10601619"]
[EventDate "2023.08.26"]

1. d4 Nf6 2. Nf3 e6 3. c4 Bb4+ 4. Nbd2 O-O 5. e3 d5 6. a3 Be7 7. b3 c5 8. Bd3
cxd4 9. exd4 b6 10. Bb2 Ba6 11. O-O Nc6 12. Rc1 Rc8 13. Qe2 dxc4 14. bxc4 Bd6
15. Rfe1 Bf4 16. Rc2 Bxd2 17. Qxd2 Na5 18. Qe2 h6 19. Ne5 Nd7 20. Ng4 Re8 21.
Ne3 Nf6 22. Rd1 Bb7 23. f3 Nh5 24. Qf2 Qg5 25. Bf1 Red8 26. g4 Nf4 27. h4 Qg6
28. Qg3 e5 29. Nf5 Rc7 30. Re1 Qc6 31. d5 Qc5+ 32. Kh1 f6 33. g5 Bc8 34. Ne3
hxg5 35. hxg5 Kf7 36. Rh2 Rg8 37. Rh7 Kf8 38. Qh4 f5 39. Bxe5 Ng6 40. Qh2 Nxe5
41. Qxe5 Re7 42. Qf4 g6 43. Rxe7 Qxe7 44. Ng2 Rh8+ 45. Kg1 Qc5+ 46. Re3 Rh7 47.
Qe5 Bd7 48. Qf6+ Kg8 49. Qxg6+ Rg7 50. Qf6 Nxc4 51. Bxc4 Qxc4 52. d6 Qc1+ 53.
Kf2 Qd2+ 54. Kg3 f4+ 55. Qxf4 Qd5 56. Re5 Qd3 57. Re7 Qh7 58. Qf6 Rf7 59. Rxf7
Qxf7 60. Qd8+ Kg7 61. Nf4 Bf5 62. Nh5+ Kg6 63. Nf4+ Kg7 64. Kh4 b5 65. Nh5+ Kg6
66. Qh8 Bd3 67. Qh6+ Kf5 68. d7 Qc4+ 69. f4 Qc1 70. Ng3+ Kxf4 71. g6+ 1-0

[Event "World Rapid Team 2023"]
[Site "Dusseldorf GER"]
[Date "2023.08.27"]
[Round "7.8"]
[Board "2"]
[White "Bellahcene, Bilel"]
[Black "Koellner, Ruben Gideon"]
[Result "1-0"]
[WhiteTitle "GM"]
[BlackTitle "IM"]
[WhiteElo "2515"]
[BlackElo "2478"]
[WhiteTeam "Africa"]
[BlackTeam "Team Chessemy.com"]
[WhiteFideId "696358"]
[BlackFideId "12993093"]
[EventDate "2023.08.26"]

1. e4 d6 2. d4 Nf6 3. f3 e5 4. d5 Be7 5. Be3 O-O 6. c4 Nh5 7. Nc3 Bg5 8. Bf2 g6
9. h4 Bh6 10. g4 Nf4 11. Nge2 c6 12. g5 Bg7 13. Qd2 f6 14. Nxf4 exf4 15. c5 f5
16. Bc4 Kh8 17. h5 Qxg5 18. O-O-O gxh5 19. Rdg1 Qh6 20. Bd4 Be5 21. cxd6 Nd7 22.
dxc6 bxc6 23. Qg2 Bb7 24. Rxh5 Qf6 25. Qh3 Rf7 26. Bxf7 Qxf7 27. Rxf5 1-0

[Event "World Rapid Team 2023"]
[Site "Dusseldorf GER"]
[Date "2023.08.27"]
[Round "7.8"]
[Board "3"]
[White "Carlstedt, Jonathan"]
[Black "Solomon, Kenny"]
[Result "1/2-1/2"]
[WhiteTitle "IM"]
[BlackTitle "GM"]
[WhiteElo "2453"]
[BlackElo "2324"]
[WhiteTeam "Team Chessemy.com"]
[BlackTeam "Africa"]
[WhiteFideId "24614386"]
[BlackFideId "14300192"]
[EventDate "2023.08.26"]

1. Nf3 d5 2. e3 Nf6 3. c4 e6 4. b3 b6 5. Bb2 Bb7 6. Be2 Bd6 7. cxd5 exd5 8. Nc3
a6 9. Qc2 c5 10. d4 O-O 11. O-O Nbd7 12. Rfd1 Qe7 13. Qf5 Rfe8 14. Rac1 Rad8 15.
Bd3 b5 16. dxc5 Nxc5 17. Bb1 Nce4 18. Nxe4 Nxe4 19. Qg4 g6 20. Nd4 Nxf2 21. Kxf2
Qxe3+ 22. Kf1 Bxh2 23. Ne2 Be5 24. Bxe5 Rxe5 25. Rc3 Qh6 26. Rh3 Qg7 27. Nd4 Bc8
28. Qh4 Rde8 29. Rg3 Kh8 30. Nf3 Re3 31. Qd4 Qxd4 32. Rxd4 Bb7 33. Bd3 f6 34.
Kf2 R3e7 35. Rh3 Kg7 36. Rh1 Rc7 37. Re1 Rec8 38. Bb1 Kf7 39. Rd2 b4 40. Nd4 Rc1
41. Rxc1 Rxc1 42. Bd3 Rc3 43. Be2 f5 44. Bf3 Kf6 45. Ne2 Rc5 46. Nf4 g5 47.
Nxd5+ Bxd5 48. Bxd5 h5 49. Bc4 a5 50. Rd6+ Ke5 51. Rh6 h4 52. Ke3 f4+ 53. Kf3
Kd4 54. Kg4 a4 55. Rg6 Kc3 56. Rb6 a3 57. Be6 Kb2 58. Rxb4 Kxa2 59. Ra4 Re5 60.
Bc4 Rc5 61. Be6 Re5 62. Bc4 Rc5 1/2-1/2

[Event "World Rapid Team 2023"]
[Site "Dusseldorf GER"]
[Date "2023.08.27"]
[Round "7.8"]
[Board "4"]
[White "Moueden, Mohamed Amine"]
[Black "Rafiee, Makan"]
[Result "0-1"]
[BlackTitle "FM"]
[WhiteElo "1953"]
[BlackElo "2279"]
[WhiteTeam "Africa"]
[BlackTeam "Team Chessemy.com"]
[WhiteFideId "7902018"]
[BlackFideId "24609340"]
[EventDate "2023.08.26"]

1. e4 e5 2. Nf3 Nc6 3. Bc4 Bc5 4. d3 Nf6 5. c3 a6 6. Bb3 Ba7 7. O-O h6 8. Qe2
O-O 9. Be3 d6 10. Bxa7 Rxa7 11. h3 Ne7 12. Kh2 Ng6 13. g3 a5 14. Nbd2 a4 15. Bc2
Bd7 16. Ng1 h5 17. f4 h4 18. f5 hxg3+ 19. Kxg3 Nf4 20. Qe3 N6h5+ 21. Kh2 Ra6 22.
Bd1 Qg5 23. Rf2 d5 24. Bxh5 Qxh5 25. Ne2 g5 26. Nxf4 exf4 27. Qf3 Rh6 28. Rg1
Kh7 29. Qxh5 Rxh5 30. Nf3 f6 31. Rg4 Re8 32. Nd2 Bc6 33. Re2 Kg7 34. Kg2 Reh8
35. h4 Rxh4 36. Rxh4 Rxh4 37. exd5 Bxd5+ 38. Kg1 Rh1+ 39. Kf2 g4 40. Ne4 Rh2+
41. Ke1 Rxe2+ 42. Kxe2 Bxe4 43. dxe4 Kf7 0-1

[Event "World Rapid Team 2023"]
[Site "Dusseldorf GER"]
[Date "2023.08.27"]
[Round "7.8"]
[Board "5"]
[White "Lubbe, Melanie"]
[Black "February, Jesse Nikki"]
[Result "0-1"]
[WhiteTitle "WGM"]
[BlackTitle "WIM"]
[WhiteElo "2256"]
[BlackElo "1849"]
[WhiteTeam "Team Chessemy.com"]
[BlackTeam "Africa"]
[WhiteFideId "4690745"]
[BlackFideId "14312336"]
[EventDate "2023.08.26"]

1. e4 e6 2. d4 d5 3. Nc3 Nf6 4. e5 Nfd7 5. f4 c5 6. Nf3 Nc6 7. Be3 a6 8. Qd2 b5
9. dxc5 Bxc5 10. Bxc5 Nxc5 11. Qf2 Qe7 12. Bd3 Bb7 13. O-O Nxd3 14. cxd3 Qb4 15.
f5 Qf4 16. fxe6 fxe6 17. Ne2 Qf5 18. Ned4 Nxd4 19. Qxd4 O-O 20. Qe3 Qg6 21. Rf2
d4 22. Nxd4 Rxf2 23. Qxf2 Rf8 24. Qe2 Rf4 25. Nc2 Bxg2 26. Qxg2 Rg4 27. Ne3
Rxg2+ 28. Nxg2 Qxd3 29. Re1 Qd4+ 30. Kf1 Qxb2 31. Re2 Qb1+ 32. Kf2 g5 33. Ne3 h5
34. Rc2 h4 35. Re2 Qe4 36. Nc2 Qf4+ 37. Ke1 g4 38. Ne3 g3 39. hxg3 hxg3 40. Kd1
Qxe5 41. Kc2 Qe4+ 42. Kd2 Qf3 43. Rg2 e5 44. Kd3 Kf7 45. Rc2 Ke6 46. Rg2 a5 47.
Rc2 a4 48. a3 Kf6 49. Rc8 Ke7 50. Rg8 b4 51. axb4 a3 52. Rg7+ Kf8 53. Ra7 g2 0-1

[Event "World Rapid Team 2023"]
[Site "Dusseldorf GER"]
[Date "2023.08.27"]
[Round "7.8"]
[Board "6"]
[White "Odiah, Isaac Babu"]
[Black "Rennkamp, David"]
[Result "1/2-1/2"]
[WhiteElo "1893"]
[BlackElo "1738"]
[WhiteTeam "Africa"]
[BlackTeam "Team Chessemy.com"]
[WhiteFideId "10800549"]
[BlackFideId "16249526"]
[EventDate "2023.08.26"]

1. d4 d5 2. c4 e6 3. cxd5 exd5 4. Nc3 Nf6 5. Bg5 Be7 6. e3 c6 7. Nf3 Bf5 8. h3
Nbd7 9. Bd3 Bg6 10. Bxf6 Nxf6 11. Ne5 Bxd3 12. Qxd3 Nd7 13. Qf5 Nxe5 14. Qxe5
O-O 15. O-O Bd6 16. Qh5 Bc7 17. a3 Qd6 18. f4 Rae8 19. Qf3 f5 20. g4 g6 21. Rae1
Re7 22. Ne2 Qf6 23. Ng3 Rfe8 24. gxf5 gxf5 25. Kh2 Kh8 26. Nh5 Qh6 27. Rg1 Bb6
28. Ng3 Qf6 29. Nh5 Qh6 30. Ng3 Qf6 1/2-1/2

[Event "World Rapid Team 2023"]
[Site "Dusseldorf GER"]
[Date "2023.08.27"]
[Round "7.9"]
[Board "1"]
[White "So, Wesley"]
[Black "Donchenko, Alexander"]
[Result "1/2-1/2"]
[WhiteTitle "GM"]
[BlackTitle "GM"]
[WhiteElo "2769"]
[BlackElo "2684"]
[WhiteTeam "WR Chess"]
[BlackTeam "Germany and Friends"]
[WhiteFideId "5202213"]
[BlackFideId "24603295"]
[EventDate "2023.08.26"]

1. d4 d5 2. c4 c6 3. Nc3 Nf6 4. cxd5 cxd5 5. Bf4 Nc6 6. Nf3 Bf5 7. e3 e6 8. Qb3
Bb4 9. Ne5 O-O 10. Nxc6 Bxc3+ 11. Qxc3 bxc6 12. Rc1 Ne4 13. Qa3 Qh4 14. g3 Qh5
15. Be2 Qh3 16. f3 g5 17. Bc7 Rac8 18. Qxa7 Ra8 19. Qb7 Qg2 20. Rf1 Bg4 21. fxg4
Rxa2 22. Qb4 Qxh2 23. Be5 Rfa8 24. Qb7 Rf8 25. Qb3 Rfa8 26. Qb7 Rf8 27. Kd1 f6
28. Bb8 Rf7 29. Qb3 Ra8 30. Qb4 Kg7 31. Qb6 Ra2 32. Qb3 Ra8 33. Qb6 Ra2 34. Bc7
Kg6 35. Qb8 Rxc7 36. Qg8+ Rg7 37. Qe8+ Rf7 38. Qg8+ Rg7 39. Qe8+ Kh6 40. Qf8
Rxb2 41. Rxf6+ Nxf6 42. Qxf6+ Rg6 43. Qf8+ Rg7 1/2-1/2

[Event "World Rapid Team 2023"]
[Site "Dusseldorf GER"]
[Date "2023.08.27"]
[Round "7.9"]
[Board "2"]
[White "Bluebaum, Matthias"]
[Black "Abdusattorov, Nodirbek"]
[Result "0-1"]
[WhiteTitle "GM"]
[BlackTitle "GM"]
[WhiteElo "2670"]
[BlackElo "2725"]
[WhiteTeam "Germany and Friends"]
[BlackTeam "WR Chess"]
[WhiteFideId "24651516"]
[BlackFideId "14204118"]
[EventDate "2023.08.26"]

1. d4 d5 2. c4 dxc4 3. e4 Nf6 4. e5 Nd5 5. Bxc4 Nb6 6. Bd3 Nc6 7. Be3 e6 8. Nc3
Bd7 9. a3 Ne7 10. Nf3 Ned5 11. O-O Be7 12. Qc2 Bc6 13. Ne4 a5 14. Rac1 a4 15.
Qe2 Nxe3 16. fxe3 O-O 17. Nc5 Nd5 18. Rfe1 Qe8 19. Qc2 Kh8 20. Be4 Ra5 21. Qd2
Ra8 22. Qc2 Rd8 23. h3 Bxc5 24. Qxc5 f5 25. exf6 gxf6 26. Qc2 Rd7 27. Bxd5 exd5
28. Qf2 Bb5 29. Qc2 Qh5 30. Qc5 Rg8 31. Qxb5 Qxf3 32. Qf1 Rxg2+ 33. Qxg2 Rg7 34.
Qxg7+ Kxg7 35. Rxc7+ Kg6 36. Rc2 Qxh3 37. Ree2 h5 38. Rg2+ Kf7 39. Rc3 Qf3 40.
Rf2 Qg4+ 41. Kh2 h4 42. Rg2 Qf3 43. Rc7+ Ke6 44. Rh7 Qxe3 45. Rxh4 Kd6 46. Rhg4
b6 47. R2g3 Qh6+ 48. Kg2 Qd2+ 49. Kh3 Qxb2 50. Rf4 f5 51. Rg6+ Kc7 52. Rxf5
Qxa3+ 53. Kg4 Qe7 54. Re5 Qd7+ 55. Kf4 a3 56. Rg2 Qa4 57. Ree2 Qxd4+ 58. Kf5 b5
59. Ke6 b4 60. Rc2+ Kb6 61. Kd6 b3 62. Rc6+ Kb5 63. Rc8 Qf6+ 64. Kc7 a2 65. Rb8+
Kc5 66. Rxb3 a1=Q 67. Rc2+ Kd4 68. Rd2+ Kc4 0-1

[Event "World Rapid Team 2023"]
[Site "Dusseldorf GER"]
[Date "2023.08.27"]
[Round "7.9"]
[Board "3"]
[White "Praggnanandhaa, R"]
[Black "Svane, Rasmus"]
[Result "1-0"]
[WhiteTitle "GM"]
[BlackTitle "GM"]
[WhiteElo "2707"]
[BlackElo "2631"]
[WhiteTeam "WR Chess"]
[BlackTeam "Germany and Friends"]
[WhiteFideId "25059530"]
[BlackFideId "4657101"]
[EventDate "2023.08.26"]

1. d4 Nf6 2. Bf4 d5 3. e3 e6 4. Nf3 c5 5. Be2 Bd6 6. dxc5 Bxc5 7. O-O O-O 8. c4
b6 9. Nc3 Bb7 10. Ne5 dxc4 11. Nxc4 Nbd7 12. Bf3 Qc8 13. Nb5 Bxf3 14. Qxf3 Nd5
15. Bg3 Qc6 16. Nc7 Rac8 17. Nxd5 Qxd5 18. Qxd5 exd5 19. Nd6 Rc6 20. Nb5 a6 21.
Nc7 d4 22. exd4 Be7 23. Rac1 Rxc1 24. Rxc1 Bf6 25. b3 h5 26. d5 h4 27. Bd6 Rd8
28. Nxa6 Ne5 29. Bxe5 Bxe5 30. Nb4 Bd6 31. Nc6 Re8 32. a4 Re2 33. Rd1 Kf8 34.
Kf1 Ra2 35. Ke1 Rb2 36. Rd3 Ke8 37. g3 h3 38. g4 Bc5 39. Rxh3 Bxf2+ 40. Kd1 Bc5
41. b4 Bxb4 42. Kc1 Rg2 43. Nxb4 Rxg4 44. Rb3 Kd7 45. h3 Rc4+ 46. Kb2 Kd6 47.
Ka3 f5 48. Rd3 g5 49. Kb3 Rh4 50. Nc2 g4 51. hxg4 fxg4 52. Ne3 Rh3 53. Kc3 Kc5 1-0

[Event "World Rapid Team 2023"]
[Site "Dusseldorf GER"]
[Date "2023.08.27"]
[Round "7.9"]
[Board "5"]
[White "Kosteniuk, Alexandra"]
[Black "Bashylina, Luisa"]
[Result "1-0"]
[WhiteTitle "GM"]
[BlackTitle "WFM"]
[WhiteElo "2532"]
[BlackElo "2152"]
[WhiteTeam "WR Chess"]
[BlackTeam "Germany and Friends"]
[WhiteFideId "4128125"]
[BlackFideId "12983292"]
[EventDate "2023.08.26"]

1. e4 c5 2. c3 Nf6 3. e5 Nd5 4. Nf3 d6 5. Bb5+ Bd7 6. Bc4 Nb6 7. Bb3 e6 8. O-O
Nc6 9. d4 dxe5 10. dxe5 Be7 11. Bc2 O-O 12. Qd3 g6 13. Bh6 Re8 14. Nbd2 Nd5 15.
Ne4 b5 16. Bg5 Bxg5 17. Nexg5 Qc7 18. Qe4 f5 19. exf6 Nxf6 20. Qh4 e5 21. Ne4
Nxe4 22. Bxe4 Rad8 23. Ng5 Bf5 24. Bxc6 1-0